| 000 | 00812nam a2200241 a 4500 | ||
|---|---|---|---|
| 005 | 20221019063519.0 | ||
| 008 | 010716s1996 es r 000 0 spa d | ||
| 020 | _a8478692355 | ||
| 035 | _aUPN01000109705 | ||
| 049 | _aI | ||
| 050 | 4 |
_aLB1131 _bP7.6 no.3 |
|
| 100 | 1 |
_aYuste Hernanz, Carlos _929510 |
|
| 245 | 1 | 0 |
_aRelacionar, clasificar, seriar, transformar : _bprogramas para la estimulación de las habilidades de la inteligencia / _cCarlos Yuste Hernanz, Manuel Trallero Sanz. |
| 260 |
_aMadrid : _bCEPE, _c1996. |
||
| 300 |
_a128 p. : _bil. |
||
| 440 | 0 |
_aProgresint ; _v3 |
|
| 500 | _a"Educación infantil. Segundo ciclo" | ||
| 650 | 4 |
_aAGRUPACION _92211 |
|
| 650 | 2 |
_aClasificación _95262 |
|
| 650 | 4 | _aSERIES (MATEMATICAS) | |
| 700 | 1 |
_aTrallero Sanz, Manuel, _ecoaut. _931808 |
|
| 905 | _aInfantil | ||
| 999 |
_c83615 _d83615 |
||